000 00360nam a2200109Ia 4500
008 230724s1999 xx und d
041 _aeng
100 _aED. COSGROVE D.& PETTS G.
245 _aWATER ENGINEERING AND LANDSCAPE, WATER CONTROL AND LANDSCAPE TRANSFORMATION IN THE MODERN PERIOD.
260 _bC.B.S. PUBLISERS 8D DELHI- 32
_c1999
300 _a214
999 _c1171455
_d1171455